[Event "Eindhoven WLC op 12th"]
[Site "Eindhoven"]
[Date "2022.05.14"]
[Round "3"]
[White "Van De Lagemaat, Arend"]
[Black "Ciornei, Dragos"]
[Result "1/2-1/2"]
[WhiteElo "1995"]
[BlackElo "2164"]
[PlyCount "84"]
[EventDate "2022.05.13"]
[EventType "swiss"]
[EventRounds "6"]
[EventCountry "NED"]
[SourceTitle "CBM 208 Extra"]
[Source "ChessBase"]
[SourceDate "2022.07.31"]
[SourceVersion "1"]
[SourceVersionDate "2022.07.31"]
[SourceQuality "1"]

1. d4 Nf6 2. Nf3 g6 3. g3 Bg7 4. Bg2 d6 5. 0-0 0-0 6. b3 c6 7. Bb2 Nbd7 8. Re1 Qc7 9. e4 e5 10. dxe5 dxe5 11. a4 Re8 12. Nbd2 Bf8 13. Qe2 a5 14. Rad1 b6 15. Nc4 Ba6 16. Nfd2 Bb4 17. c3 Bf8 18. Bf1 h5 19. h3 Bc5 20. Nf3 Nf8 21. Bc1 N8h7 22. Qc2 Re6 23. Kg2 Rae8 24. Bd3 Bc8 25. Nh4 Qe7 26. Ne3 Rd6 27. Bc4 Rxd1 28. Rxd1 Kh8 29. Nf3 Kg7 30. Qd3 Nd7 31. Nh4 Ndf8 32. Nc2 Ne6 33. Nf3 Rd8 34. Qe2 Rxd1 35. Qxd1 Neg5 36. Nxg5 Nxg5 37. Bxg5 Qxg5 38. Ne1 Qf6 39. Nd3 Bd6 40. Qe2 h4 41. Qe3 Bc7 42. g4 g5 1/2-1/2

[Event "Eindhoven WLC op 12th"]
[Site "Eindhoven"]
[Date "2022.05.13"]
[Round "1"]
[White "Molenaar, Toine"]
[Black "Ciornei, Dragos"]
[Result "0-1"]
[WhiteElo "1823"]
[BlackElo "2164"]
[PlyCount "92"]
[EventDate "2022.05.13"]
[EventType "swiss"]
[EventRounds "6"]
[EventCountry "NED"]
[SourceTitle "CBM 208 Extra"]
[Source "ChessBase"]
[SourceDate "2022.07.31"]
[SourceVersion "1"]
[SourceVersionDate "2022.07.31"]
[SourceQuality "1"]

1. d4 Nf6 2. c4 g6 3. Nf3 Bg7 4. Nc3 d6 5. g3 0-0 6. Bg2 Nbd7 7. 0-0 e5 8. e4 exd4 9. Nxd4 Re8 10. Rb1 Nc5 11. Re1 a5 12. b3 c6 13. Bb2 Qb6 14. Nc2 Ng4 15. Ne3 Ne5 16. Bf1 Be6 17. Kg2 f6 18. f4 Nf7 19. Bd3 Nxd3 20. Qxd3 Rad8 21. Qc2 Qc7 22. Rbd1 Qc8 23. Kf2 f5 24. exf5 Bxf5 25. Nxf5 Qxf5 26. Qxf5 gxf5 27. Na4 Bxb2 28. Nxb2 Kg7 29. Nd3 Kf6 30. Rxe8 Rxe8 31. Ne1 a4 32. Nf3 axb3 33. axb3 Ra8 34. Ke3 Ra3 35. Rd3 h6 36. Kd4 Ra2 37. Kc3 c5 38. Rd5 Ke6 39. Rd3 Nd8 40. Re3+ Kd7 41. Nh4 Nc6 42. Rd3 Nd4 43. Rxd4 cxd4+ 44. Kxd4 Ke6 45. Nf3 Rb2 46. c5 Rxb3 0-1

[Event "DSOL 02 Liga Gr-D 1st"]
[Site "Playchess.com INT"]
[Date "2020.07.29"]
[Round "6.1"]
[White "Eidner, Falk"]
[Black "Ciornei, Dragos"]
[Result "0-1"]
[WhiteElo "2046"]
[BlackElo "2113"]
[PlyCount "62"]
[EventDate "2020.06.22"]
[EventType "team-tourn (rapid)"]
[EventCountry "GER"]
[SourceTitle "EXT 2021"]
[Source "ChessBase"]
[SourceDate "2020.10.23"]
[SourceVersion "1"]
[SourceVersionDate "2020.10.23"]
[SourceQuality "1"]
[WhiteTeam "Chemnitz USG"]
[BlackTeam "Oberhausen SV"]
[WhiteTeamCountry "GER"]
[BlackTeamCountry "GER"]

1. e4 e5 2. Nf3 Nc6 3. Bc4 Nf6 4. d3 h6 5. c3 d6 6. Nbd2 g6 7. 0-0 Bg7 8. Re1 0-0 9. a4 Qe7 10. a5 a6 11. Nf1 Bd7 12. h3 Rae8 13. b4 Kh8 14. Be3 Ng8 15. Qd2 Kh7 16. Ng3 f5 17. exf5 gxf5 18. Nh5 Nf6 19. Nxf6+ Qxf6 20. Qc2 Kh8 21. d4 e4 22. Nd2 f4 23. Nxe4 Qg6 24. Bd2 Bxh3 25. Bf1 Bxg2 26. Bxg2 f3 27. Bg5 Rxe4 28. Rxe4 Qxg5 29. Kf1 Qxg2+ 30. Ke1 Qg1+ 31. Kd2 Qxa1 0-1

[Event "DSOL 02 Liga Gr-D 1st"]
[Site "Playchess.com INT"]
[Date "2020.07.14"]
[Round "4.1"]
[White "Ciornei, Dragos"]
[Black "Bilek, Michael"]
[Result "1-0"]
[WhiteElo "2113"]
[BlackElo "2189"]
[PlyCount "139"]
[EventDate "2020.06.22"]
[EventType "team-tourn (rapid)"]
[EventCountry "GER"]
[SourceTitle "EXT 2021"]
[Source "ChessBase"]
[SourceDate "2020.10.23"]
[SourceVersion "1"]
[SourceVersionDate "2020.10.23"]
[SourceQuality "1"]
[WhiteTeam "Oberhausen SV"]
[BlackTeam "Arnstadt Stadtilm"]
[WhiteTeamCountry "GER"]
[BlackTeamCountry "GER"]

1. e4 Nf6 2. e5 Nd5 3. d4 d6 4. Nf3 Bg4 5. Be2 c6 6. c4 Nb6 7. exd6 exd6 8. 0-0 Be7 9. b3 0-0 10. Nc3 Re8 11. Be3 Bf6 12. Qd2 d5 13. c5 N6d7 14. Rad1 Nf8 15. h3 Bh5 16. g4 Bg6 17. g5 Be7 18. Ne5 Bf5 19. h4 f6 20. Ng4 Nbd7 21. f4 b6 22. b4 a5 23. a3 axb4 24. axb4 bxc5 25. bxc5 Ne6 26. Bf3 Ra3 27. Ne2 fxg5 28. hxg5 Nexc5 29. dxc5 Bxg4 30. Bxg4 Rxe3 31. Kg2 Bxc5 32. Ng3 g6 33. Rc1 Rxg3+ 34. Kxg3 Be3 35. Qc2 Bxc1 36. Qxc1 Nb8 37. Re1 h6 38. Be6+ Kh7 39. gxh6 Qd6 40. Qb2 Re7 41. Qe2 Kh8 42. Qg4 Kh7 43. Kg2 Nd7 44. f5 Nf8 45. Qe2 Nxe6 46. fxe6 Qf4 47. Rf1 Qg5+ 48. Kh3 Qxh6+ 49. Kg2 Qg5+ 50. Kh3 Kg8 51. Rf7 Rxf7 52. exf7+ Kxf7 53. Qa6 Qf5+ 54. Kg3 Qe5+ 55. Kg2 Qe4+ 56. Kg3 Qe5+ 57. Kg2 Kf6 58. Qxc6+ Qe6 59. Qc5 Qe4+ 60. Kg3 g5 61. Qf8+ Ke5 62. Qe7+ Kd4 63. Qb4+ Ke3 64. Qe1+ Kd4 65. Qb4+ Kd3 66. Qb3+ Ke2 67. Qb2+ Ke1 68. Qc1+ Ke2 69. Qb2+ Kf1 70. Qf2# 1-0

[Event "Gelsenkirchen Koenigsspringer op"]
[Site "Gelsenkirchen"]
[Date "2019.12.29"]
[Round "5"]
[White "Bosboom, Ardin"]
[Black "Ciornei, Dragos"]
[Result "0-1"]
[WhiteElo "1999"]
[BlackElo "2126"]
[PlyCount "69"]
[EventDate "2019.12.27"]
[EventType "swiss"]
[EventRounds "7"]
[EventCountry "GER"]
[SourceTitle "CBM 194 Extra"]
[Source "ChessBase"]
[SourceDate "2020.03.31"]
[SourceVersion "1"]
[SourceVersionDate "2020.03.31"]
[SourceQuality "1"]

1. d4 Nf6 2. c4 g6 3. f3 Bg7 4. e4 d6 5. Be3 0-0 6. Ne2 c5 7. d5 Qb6 8. Nbc3 Qxb2 9. Rb1 Qa3 10. Qd2 Qa5 11. g4 Nbd7 12. Rb5 Qc7 13. Ng3 a6 14. Rb3 Ne5 15. Be2 Nfxg4 16. fxg4 Bxg4 17. 0-0 Bxe2 18. Qxe2 Nxc4 19. Qxc4 b5 20. Qe2 c4 21. Nxb5 axb5 22. Rxb5 Ra3 23. Rc1 Rc8 24. Bb6 Qd7 25. Rxc4 Rxc4 26. Qxc4 Be5 27. Bf2 Qh3 28. Rb3 Ra8 29. Bd4 Rc8 30. Qxc8+ Qxc8 31. Bxe5 dxe5 32. Rf3 h5 33. Ne2 Qa6 34. Nc3 Qb6+ 35. Kg2 0-1

[Event "Gelsenkirchen Koenigsspringer op"]
[Site "Gelsenkirchen"]
[Date "2019.12.27"]
[Round "2"]
[White "Schwab, Patrick1111"]
[Black "Ciornei, Dragos"]
[Result "1/2-1/2"]
[WhiteElo "1841"]
[BlackElo "2126"]
[PlyCount "74"]
[EventDate "2019.12.27"]
[EventType "swiss"]
[EventRounds "7"]
[EventCountry "GER"]
[SourceTitle "CBM 194 Extra"]
[Source "ChessBase"]
[SourceDate "2020.03.31"]
[SourceVersion "1"]
[SourceVersionDate "2020.03.31"]
[SourceQuality "1"]

1. d4 Nf6 2. Nf3 g6 3. g3 Bg7 4. Bg2 d6 5. 0-0 0-0 6. Nbd2 Nbd7 7. b3 c6 8. Bb2 Qc7 9. e3 b6 10. c4 e5 11. Qc2 exd4 12. Nxd4 Bb7 13. Rfd1 Rfe8 14. Rac1 a6 15. Ne2 Rad8 16. Nc3 c5 17. Nf3 Ne5 18. Qe2 Qc6 19. Ne1 Qc7 20. Nd5 Nxd5 21. Bxd5 Bxd5 22. Rxd5 f5 23. Rcd1 Qe7 24. Nd3 Nxd3 25. R1xd3 Bxb2 26. Qxb2 Rd7 27. Qd2 Red8 28. b4 Qe4 29. bxc5 bxc5 30. Qc2 Rb8 31. Qa4 Rb1+ 32. Rd1 Rxd1+ 33. Rxd1 Rb7 34. Qxa6 Rb1 35. Rxb1 Qxb1+ 36. Kg2 Qe4+ 37. Kg1 Qb1+ 1/2-1/2

[Event "NRW Class1 1819"]
[Site "Germany"]
[Date "2019.05.12"]
[Round "9.5"]
[White "Ciornei, Dragos"]
[Black "Donner, Bernd"]
[Result "1/2-1/2"]
[WhiteElo "2096"]
[BlackElo "2251"]
[PlyCount "76"]
[EventDate "2018.09.16"]
[EventType "team-tourn"]
[EventRounds "9"]
[EventCountry "GER"]
[SourceTitle "EXT 2023"]
[Source "ChessBase"]
[SourceDate "2022.10.05"]
[SourceVersion "1"]
[SourceVersionDate "2022.10.05"]
[SourceQuality "1"]
[WhiteTeam "Oberhausen SV"]
[BlackTeam "Weidenau/Geisweid"]
[WhiteTeamCountry "GER"]
[BlackTeamCountry "GER"]

1. e4 d6 2. d4 Nd7 3. Nf3 g6 4. Bc4 e6 5. Nc3 Bg7 6. 0-0 h6 7. Re1 Ne7 8. a4 0-0 9. h3 a6 10. a5 b5 11. axb6 Nxb6 12. Bb3 Bd7 13. Ne2 a5 14. c3 Qb8 15. Ng3 Qb7 16. h4 a4 17. Bc2 Bb5 18. Bf4 Bc4 19. Bb1 f6 20. Qc1 e5 21. Bxh6 Bxh6 22. Qxh6 Rf7 23. dxe5 dxe5 24. Bc2 Be6 25. h5 Rh7 26. Qe3 gxh5 27. Nh4 Kh8 28. Qc5 Qc6 29. Ng6+ Kg7 30. Qxe7+ Kxg6 31. Nf5 Bxf5 32. exf5+ Kh6 33. Qb4 Qc4 34. Qxc4 Nxc4 35. Rxa4 Rxa4 36. Bxa4 Nxb2 37. Bb5 c6 38. Bxc6 Rc7 1/2-1/2

[Event "NRW Class1 1819"]
[Site "Germany"]
[Date "2019.03.17"]
[Round "7.5"]
[White "Ciornei, Dragos"]
[Black "Dierkes, Tobias"]
[Result "1/2-1/2"]
[WhiteElo "2096"]
[BlackElo "2116"]
[PlyCount "190"]
[EventDate "2018.09.16"]
[EventType "team-tourn"]
[EventRounds "9"]
[EventCountry "GER"]
[SourceTitle "EXT 2022"]
[Source "ChessBase"]
[SourceDate "2021.10.06"]
[SourceVersion "1"]
[SourceVersionDate "2021.10.06"]
[SourceQuality "1"]
[WhiteTeam "Oberhausen SV"]
[BlackTeam "Niederkassel"]
[WhiteTeamCountry "GER"]
[BlackTeamCountry "GER"]

1. e4 c5 2. Nf3 e6 3. d4 cxd4 4. Nxd4 Nf6 5. Nc3 d6 6. Be3 a6 7. f3 b5 8. Qd2 Nbd7 9. 0-0-0 Bb7 10. g4 Nb6 11. Bd3 Rc8 12. Kb1 Nc4 13. Bxc4 Rxc4 14. h4 Be7 15. h5 h6 16. g5 hxg5 17. Bxg5 b4 18. Bxf6 Bxf6 19. Nce2 Qc7 20. h6 Rxh6 21. Rxh6 gxh6 22. Qxh6 Ke7 23. Qd2 Qb6 24. Qe3 Qa5 25. f4 Bxd4 26. Nxd4 Qc5 27. e5 Bd5 28. exd6+ Kxd6 29. Qe5+ Ke7 30. b3 Rc3 31. Qg5+ Kd7 32. Qf6 Qe7 33. Qe5 Qd6 34. Qf6 Qe7 35. Qh8 Rc8 36. Qe5 Qd6 37. Qf6 Qe7 38. Qg7 Kc7 39. Re1 Kb6 40. f5 Qh4 41. Qe5 f6 42. Qe3 Rc3 43. Qd2 e5 44. Ne6 Rc6 45. Rd1 Qe4 46. Qf2+ Kb5 47. Re1 Qg2 48. Qxg2 Bxg2 49. Re2 Bf3 50. Rf2 Be4 51. Kc1 Bd5 52. Ng7 Bf7 53. Rd2 Kc5 54. Rd7 Bd5 55. Kd2 Be4 56. c3 bxc3+ 57. Kxc3 Kb5+ 58. Kd2 Bb1 59. Rb7+ Kc5 60. Ke3 Rd6 61. Ne8 Rd3+ 62. Ke2 Rh3 63. Nxf6 Bxf5 64. a4 Kd4 65. Rb4+ Kc3 66. Rb6 Bd3+ 67. Kf2 a5 68. b4 axb4 69. Nd5+ Kd2 70. Nxb4 e4 71. Rd6 Rf3+ 72. Kg2 Rf5 73. Nd5 Ke2 74. Kg3 Bc2 75. a5 e3 76. a6 Bb3 77. a7 Rxd5 78. a8Q Rxd6 79. Qa3 Rd3 80. Qc1 Bd1 81. Qc4 Kd2 82. Qa2+ Bc2 83. Qa5+ Rc3 84. Qd5+ Bd3 85. Qa2+ Rc2 86. Qa5+ Rc3 87. Qa2+ Bc2 88. Qd5+ Kc1 89. Qd4 Ra3 90. Qb4 Rd3 91. Qe1+ Bd1 92. Kf4 e2 93. Ke4 Kc2 94. Kf4 Rd7 95. Ke3 Re7+ 1/2-1/2

[Event "Oberliga NRW 1718"]
[Site "Germany"]
[Date "2018.02.18"]
[Round "6.7"]
[White "Rott, Georg"]
[Black "Ciornei, Dragos"]
[Result "1-0"]
[WhiteElo "2149"]
[BlackElo "2050"]
[PlyCount "103"]
[EventDate "2017.09.17"]
[EventType "team-tourn"]
[EventRounds "9"]
[EventCountry "GER"]
[SourceTitle "EXT 2019"]
[Source "ChessBase"]
[SourceDate "2018.10.10"]
[SourceVersion "1"]
[SourceVersionDate "2018.10.10"]
[SourceQuality "1"]
[WhiteTeam "Muenster"]
[BlackTeam "Oberhausen"]
[WhiteTeamCountry "GER"]
[BlackTeamCountry "GER"]

1. e4 e5 2. Nf3 Nc6 3. Bb5 a6 4. Bxc6 dxc6 5. 0-0 f6 6. d4 exd4 7. Nxd4 c5 8. Ne2 Qxd1 9. Rxd1 Bd7 10. Nbc3 Bd6 11. Bf4 Bxf4 12. Nxf4 Ne7 13. Ncd5 Nxd5 14. Rxd5 b6 15. Rad1 Bc6 16. R5d2 Ke7 17. f3 Rhe8 18. Kf2 Kf7 19. h4 g6 20. g4 Re5 21. Rd8 Re8 22. Rxa8 Rxa8 23. g5 Re8 24. gxf6 Kxf6 25. Ke3 a5 26. a3 a4 27. c3 h6 28. Nd5+ Bxd5 29. Rxd5 g5 30. hxg5+ hxg5 31. Rd7 Rc8 32. Kf2 Ke6 33. Rd5 Rg8 34. Kg3 c6 35. Rf5 Rd8 36. Rxg5 Rd2 37. Rg6+ Kd7 38. Rg7+ Ke6 39. f4 Rxb2 40. f5+ Kf6 41. Rc7 Ke5 42. Re7+ Kd6 43. f6 Rb1 44. e5+ Kd5 45. f7 Rf1 46. e6 b5 47. Re8 b4 48. cxb4 cxb4 49. axb4 a3 50. f8Q Rxf8 51. Rxf8 Kxe6 52. Ra8 1-0

[Event "Gelsenkirchen Silvester op 5th"]
[Site "Gelsenkirchen"]
[Date "2017.12.28"]
[Round "3"]
[White "Ciornei, Dragos"]
[Black "Turp, Hueseyin"]
[Result "1-0"]
[WhiteElo "2050"]
[BlackElo "1642"]
[PlyCount "43"]
[EventDate "2017.12.27"]
[EventType "swiss"]
[EventRounds "5"]
[EventCountry "GER"]
[SourceTitle "CBM 182 Extra"]
[Source "ChessBase"]
[SourceDate "2018.02.23"]
[SourceVersion "1"]
[SourceVersionDate "2018.02.23"]
[SourceQuality "1"]

1. e4 c6 2. d4 d5 3. Nc3 dxe4 4. Nxe4 Bf5 5. Ng3 e6 6. Nxf5 Qa5+ 7. c3 Qxf5 8. Bd3 Qd5 9. Nf3 Nf6 10. 0-0 Be7 11. Re1 Nbd7 12. Ne5 c5 13. Bc4 Qd6 14. Nxf7 Kxf7 15. Rxe6 Qb8 16. Rxf6+ Ke8 17. Bf4 Qc8 18. Qh5+ Kd8 19. Re6 cxd4 20. Rxe7 Qxc4 21. Rae1 g6 22. Qxh7 1-0

[Event "Gelsenkirchen Silvester op 5th"]
[Site "Gelsenkirchen"]
[Date "2017.12.27"]
[Round "1"]
[White "Ciornei, Dragos"]
[Black "Lehnert, Michael"]
[Result "1-0"]
[WhiteElo "2050"]
[BlackElo "1839"]
[PlyCount "79"]
[EventDate "2017.12.27"]
[EventType "swiss"]
[EventRounds "5"]
[EventCountry "GER"]
[SourceTitle "CBM 182 Extra"]
[Source "ChessBase"]
[SourceDate "2018.02.23"]
[SourceVersion "1"]
[SourceVersionDate "2018.02.23"]
[SourceQuality "1"]

1. e4 b6 2. d4 e6 3. Nf3 Bb7 4. Bd3 Be7 5. Nc3 d6 6. Be3 Nd7 7. Qe2 a6 8. a4 c5 9. d5 e5 10. 0-0 g5 11. Nd2 h5 12. Rfe1 Nf8 13. Nf1 h4 14. h3 Ng6 15. Nh2 Nh6 16. f3 Nf4 17. Bxf4 gxf4 18. Nd1 Bc8 19. Nf2 f5 20. exf5 Nxf5 21. Bxf5 Bxf5 22. Ne4 0-0 23. Ng4 Kh7 24. c3 Kg6 25. b4 cxb4 26. cxb4 Qd7 27. b5 Qb7 28. Qd3 Rfc8 29. Rac1 axb5 30. axb5 Ra4 31. Rc6 Rxc6 32. dxc6 Qa8 33. c7 Ra1 34. Rxa1 Qxa1+ 35. Kh2 Qc1 36. Qc3 Qxc3 37. Nxc3 d5 38. Nxe5+ Kg7 39. Nxd5 Bd6 40. Nc4 1-0

[Event "Vlissingen HZ op 21st"]
[Site "Vlissingen"]
[Date "2017.08.11"]
[Round "8"]
[White "Van Rij, Gert"]
[Black "Ciornei, Dragos"]
[Result "1-0"]
[WhiteElo "1973"]
[BlackElo "2098"]
[PlyCount "89"]
[EventDate "2017.08.05"]
[EventType "swiss"]
[EventRounds "9"]
[EventCountry "NED"]
[SourceTitle "CBM 179 Extra"]
[Source "ChessBase"]
[SourceDate "2017.08.23"]
[SourceVersion "1"]
[SourceVersionDate "2017.08.23"]
[SourceQuality "1"]

1. d4 Nf6 2. c4 g6 3. Nc3 Bg7 4. e4 d6 5. h3 0-0 6. Bg5 a6 7. Nf3 Nbd7 8. Bd3 c5 9. d5 b5 10. Qc2 Qa5 11. 0-0 bxc4 12. Bxc4 Rb8 13. Nd2 h6 14. Be3 Ne8 15. Rfb1 Nc7 16. Nb3 Qb6 17. Bd2 Nb5 18. Nxb5 axb5 19. Be2 c4 20. Na5 Ne5 21. a4 Bd7 22. axb5 Bxb5 23. Be3 Qd8 24. Qd2 Kh7 25. Bd4 c3 26. Bxc3 Bxe2 27. Qxe2 Ra8 28. Nc6 Nxc6 29. Bxg7 Kxg7 30. dxc6 Qb6 31. Rxa8 Rxa8 32. Qc4 Rc8 33. Qc3+ e5 34. Rc1 Rc7 35. b4 h5 36. Qc4 Kf6 37. b5 Ke7 38. Qd5 Rc8 39. Rd1 Rd8 40. Qc4 Rc8 41. Rd5 Ra8 42. Qb4 Kf8 43. Qxd6+ Kg8 44. Qxe5 Ra2 45. Qd4 1-0

[Event "Vlissingen HZ op 21st"]
[Site "Vlissingen"]
[Date "2017.08.06"]
[Round "2"]
[White "Beerdsen, Thomas"]
[Black "Ciornei, Dragos"]
[Result "1-0"]
[WhiteElo "2447"]
[BlackElo "2098"]
[PlyCount "151"]
[EventDate "2017.08.05"]
[EventType "swiss"]
[EventRounds "9"]
[EventCountry "NED"]
[SourceTitle "CBM 179 Extra"]
[Source "ChessBase"]
[SourceDate "2017.08.23"]
[SourceVersion "1"]
[SourceVersionDate "2017.08.23"]
[SourceQuality "1"]

1. e4 e5 2. Nf3 Nc6 3. d4 exd4 4. Nxd4 Bc5 5. Nb3 Bb6 6. Nc3 Qf6 7. Qe2 Nge7 8. Be3 d6 9. 0-0-0 Be6 10. Nd5 Bxd5 11. exd5 Ne5 12. f4 Nc4 13. Qxc4 Bxe3+ 14. Kb1 0-0 15. Bd3 Bb6 16. Rhe1 Ng6 17. g3 Rfe8 18. a4 a5 19. Rxe8+ Rxe8 20. Qb5 Ra8 21. Re1 Qd8 22. Nd2 Nf8 23. Bf5 g6 24. Bh3 f5 25. Nf3 Qd7 26. Bf1 Rd8 27. Bc4 h6 28. Qb3 Re8 29. Ne5 Qg7 30. Bb5 Re7 31. Rd1 Bc5 32. Bd3 b6 33. Nf3 Nd7 34. Nh4 Qf6 35. Qb5 Kf7 36. Qc6 Nf8 37. c3 Nh7 38. Qb7 Nf8 39. Qc8 Nh7 40. Ka2 Nf8 41. Bb5 Nh7 42. Rf1 Nf8 43. Bd3 Nh7 44. Rc1 Nf8 45. Rc2 Nh7 46. Rg2 Nf8 47. Bc2 Nh7 48. Nf3 Nf8 49. g4 fxg4 50. Qxg4 Re3 51. Nh4 h5 52. Bxg6+ Nxg6 53. Qxg6+ Qxg6 54. Nxg6 Rd3 55. Nh8+ Kf8 56. f5 Rxd5 57. f6 Rf5 58. f7 d5 59. Rg8+ Ke7 60. Rg7 Kf6 61. Rg8 Ke7 62. Rg7 Kf6 63. f8Q+ Bxf8 64. Rxc7 Bc5 65. Rc6+ Kg5 66. Rg6+ Kh4 67. Rg3 Rg5 68. Ng6+ Rxg6 69. Rxg6 Kh3 70. Rg5 h4 71. Rxd5 Kxh2 72. Rg5 h3 73. Kb3 Bf2 74. Kc4 Kh1 75. Kd3 Bc5 76. Ke4 1-0

[Event "Dortmund Sparkassen op-A 45th"]
[Site "Dortmund"]
[Date "2017.07.22"]
[Round "8"]
[White "Ciornei, Dragos"]
[Black "Schuelke, Tilman"]
[Result "1-0"]
[WhiteElo "2118"]
[BlackElo "1973"]
[PlyCount "115"]
[EventDate "2017.07.15"]
[EventType "swiss"]
[EventRounds "9"]
[EventCountry "GER"]
[SourceTitle "CBM 179 Extra"]
[Source "ChessBase"]
[SourceDate "2017.08.23"]
[SourceVersion "1"]
[SourceVersionDate "2017.08.23"]
[SourceQuality "1"]

1. e4 g6 2. d4 Bg7 3. Nf3 d6 4. Bc4 e6 5. Nc3 a6 6. a4 b6 7. 0-0 h6 8. Re1 Ne7 9. h3 Nd7 10. Bf4 0-0 11. Qd2 Kh7 12. Rad1 Bb7 13. Bb3 Nf6 14. Nh2 Qd7 15. Ng4 Nxg4 16. hxg4 Rad8 17. f3 Qc8 18. Ne2 e5 19. Be3 d5 20. exd5 Nxd5 21. Bf2 e4 22. c4 e3 23. Bxe3 Nxe3 24. Qxe3 Rde8 25. Qd2 Re7 26. Nc3 Rfe8 27. d5 Rxe1+ 28. Rxe1 Rxe1+ 29. Qxe1 Bd4+ 30. Kf1 Qd8 31. Qd2 Qf6 32. Bc2 Bxc3 33. bxc3 a5 34. Qe3 Qd6 35. Bd3 Ba6 36. f4 Bc8 37. f5 gxf5 38. gxf5 Qf6 39. Be4 Bd7 40. Bc2 Kg7 41. g4 Bc8 42. Qd4 Bd7 43. Ke2 c6 44. dxc6 Bxc6 45. Ke3 Be8 46. Bd1 Bc6 47. Qxf6+ Kxf6 48. Kd4 Ke7 49. c5 b5 50. axb5 Bxb5 51. Kd5 Kd7 52. Ke5 Ke7 53. f6+ Kd7 54. Bb3 Be2 55. Kf4 Ke8 56. c6 Bb5 57. c7 Bd7 58. Ba4 1-0

[Event "Dortmund Sparkassen op-A 45th"]
[Site "Dortmund"]
[Date "2017.07.21"]
[Round "7"]
[White "Runte, Moritz"]
[Black "Ciornei, Dragos"]
[Result "1-0"]
[WhiteElo "1862"]
[BlackElo "2118"]
[PlyCount "105"]
[EventDate "2017.07.15"]
[EventType "swiss"]
[EventRounds "9"]
[EventCountry "GER"]
[SourceTitle "CBM 179 Extra"]
[Source "ChessBase"]
[SourceDate "2017.08.23"]
[SourceVersion "1"]
[SourceVersionDate "2017.08.23"]
[SourceQuality "1"]

1. e4 e5 2. Nf3 Nc6 3. Bc4 Nf6 4. d3 h6 5. c3 d6 6. Bb3 g6 7. 0-0 Bg7 8. Re1 0-0 9. Nbd2 Re8 10. h3 Be6 11. Bc2 d5 12. exd5 Nxd5 13. Nc4 Bd7 14. Ba4 f6 15. Bb3 Be6 16. d4 exd4 17. Nxd4 Nxd4 18. Qxd4 Bf7 19. Bd2 Nb6 20. Rxe8+ Qxe8 21. Nxb6 axb6 22. Re1 Qf8 23. Qe4 c6 24. Qxg6 Bxb3 25. axb3 Qf7 26. Qg3 Kh8 27. c4 Re8 28. Rxe8+ Qxe8 29. Qe3 Qd7 30. Bc3 Kh7 31. Qxb6 Qd1+ 32. Kh2 Qd6+ 33. g3 Qd7 34. Qc5 f5 35. Bxg7 Kxg7 36. Qe5+ Kg6 37. Qf4 Qg7 38. g4 Qxb2 39. Qxf5+ Kg7 40. Qd7+ Kg6 41. Qe8+ Kg7 42. Qe3 Qf6 43. Kg3 b5 44. cxb5 cxb5 45. f4 Qc6 46. Qd4+ Kh7 47. Kh4 Qe8 48. Qe5 Qd8+ 49. Kh5 b4 50. Qf5+ Kh8 51. Qe6 Kg7 52. Qxh6+ Kf7 53. Qh7+ 1-0

[Event "Dortmund Sparkassen op-A 45th"]
[Site "Dortmund"]
[Date "2017.07.20"]
[Round "6"]
[White "Ciornei, Dragos"]
[Black "Boehm, Juergen1111"]
[Result "0-1"]
[WhiteElo "2118"]
[BlackElo "2217"]
[PlyCount "64"]
[EventDate "2017.07.15"]
[EventType "swiss"]
[EventRounds "9"]
[EventCountry "GER"]
[SourceTitle "CBM 179 Extra"]
[Source "ChessBase"]
[SourceDate "2017.08.23"]
[SourceVersion "1"]
[SourceVersionDate "2017.08.23"]
[SourceQuality "1"]

1. e4 e6 2. d4 d5 3. Nd2 Nf6 4. e5 Nfd7 5. Bd3 c5 6. c3 Nc6 7. Ne2 cxd4 8. cxd4 f6 9. exf6 Nxf6 10. Nf3 Bd6 11. 0-0 Qc7 12. Nc3 a6 13. Be3 0-0 14. Rc1 Bd7 15. Na4 Be8 16. Ng5 Bxh2+ 17. Kh1 Bd6 18. Nxe6 Qe7 19. Nxf8 Bh5 20. Bxh7+ Kxf8 21. Qd3 Nxh7 22. Qf5+ Nf6 23. Nb6 g6 24. Bh6+ Kf7 25. Qg5 Rh8 26. Rfe1 Be2 27. Rc2 Qf8 28. Qxf6+ Kxf6 29. Nd7+ Kf7 30. Nxf8 Rxh6+ 31. Kg1 Bh2+ 32. Kh1 Bg4 0-1

[Event "Dortmund Sparkassen op-A 45th"]
[Site "Dortmund"]
[Date "2017.07.17"]
[Round "3"]
[White "Bork, Sophie"]
[Black "Ciornei, Dragos"]
[Result "0-1"]
[WhiteElo "1858"]
[BlackElo "2118"]
[PlyCount "78"]
[EventDate "2017.07.15"]
[EventType "swiss"]
[EventRounds "9"]
[EventCountry "GER"]
[SourceTitle "CBM 179 Extra"]
[Source "ChessBase"]
[SourceDate "2017.08.23"]
[SourceVersion "1"]
[SourceVersionDate "2017.08.23"]
[SourceQuality "1"]

1. e4 e5 2. Nf3 Nc6 3. Bc4 Nf6 4. d3 h6 5. 0-0 d6 6. a4 g6 7. c3 Bg7 8. Be3 0-0 9. h3 d5 10. exd5 Nxd5 11. Bc5 Re8 12. Re1 Be6 13. Qd2 a6 14. Ba3 Qf6 15. Nh2 h5 16. b4 Rad8 17. Rd1 Nf4 18. Bxe6 Rxe6 19. Qc2 Qg5 20. f3 Nxh3+ 21. Kh1 Nf4 22. Bc1 Qf5 23. Bxf4 exf4 24. Na3 Re3 25. b5 Na5 26. bxa6 bxa6 27. Rab1 Rexd3 28. Rxd3 Qxd3 29. Rb8 Qd6 30. Rxd8+ Qxd8 31. Qe2 Bxc3 32. Qxa6 Qd1+ 33. Nf1 Bb4 34. Qb5 Bxa3 35. Qxa5 Qxf1+ 36. Kh2 Bc1 37. Qa8+ Kg7 38. Qe4 Be3 39. Qe5+ Kh7 0-1

[Event "Dortmund Sparkassen op-A 45th"]
[Site "Dortmund"]
[Date "2017.07.15"]
[Round "1"]
[White "Elefteriadis, Paul Gabriel"]
[Black "Ciornei, Dragos"]
[Result "0-1"]
[WhiteElo "1891"]
[BlackElo "2118"]
[PlyCount "96"]
[EventDate "2017.07.15"]
[EventType "swiss"]
[EventRounds "9"]
[EventCountry "GER"]
[SourceTitle "CBM 179 Extra"]
[Source "ChessBase"]
[SourceDate "2017.08.23"]
[SourceVersion "1"]
[SourceVersionDate "2017.08.23"]
[SourceQuality "1"]

1. Nf3 Nf6 2. d4 g6 3. c4 Bg7 4. Nc3 d6 5. e4 0-0 6. Be2 Nbd7 7. 0-0 e5 8. Be3 exd4 9. Nxd4 Re8 10. f3 c6 11. Qd2 Nb6 12. Rad1 d5 13. cxd5 cxd5 14. Nb3 Be6 15. Nc5 dxe4 16. Qxd8 Rexd8 17. Rxd8+ Rxd8 18. Nxe6 fxe6 19. fxe4 Nfd7 20. Rd1 Rc8 21. Bg4 Nf8 22. Bd4 Nc4 23. Bxg7 Kxg7 24. Nd5 Rc6 25. b3 Ne5 26. Ne3 Rc3 27. Kf2 Nd3+ 28. Ke2 Nf4+ 29. Kf2 Nd3+ 30. Ke2 Nc1+ 31. Kd2 Rd3+ 32. Kxc1 Rxe3 33. Bf3 Rc3+ 34. Kd2 Rc7 35. Ke3 Kf6 36. Rd4 Nd7 37. Kd2 b6 38. b4 Ke5 39. Rd3 Nf6 40. Ke3 Rc4 41. a3 h5 42. g3 g5 43. h3 g4 44. hxg4 hxg4 45. Bg2 Rc2 46. Bh1 Rh2 47. Rd1 Nh5 48. Rg1 Ra2 0-1